000 00815nam a22002417a 4500
005 20170124105943.0
010 _aA-842893
020 _c00.00
_a0194421252
035 _aA-842893
037 _bCen Lib/Ret
040 _aDPL
_bEN
082 _a312.6044
_bCOM
245 _aThe communicative approach to language teaching /
_cedited by C. J. Brumfit [and] K. Johnson
260 _aOxford
_bOxford University Press
_c1979
270 _bOxford
_aWalton Street
300 _ax, 243p. :
_c21cm(Hb)
500 _aIncludes bibliographical references and index
650 _aLanguage and languages -- Study and teaching
_911764
650 _aEnglish language -- Study and teaching
_911765
700 _aBrumfit, C. J.
_911766
700 _aJohnson, K.
_978667
942 _2ddc
_cEN
_h312.6044
_mCOM
999 _c124730
_d124730